Вып. 21; Механика твердого тела

Detalles Bibliográficos
Parent link:Механика твердого тела: республиканский межведомственный сборник научных трудов/ Академия наук Украинской ССР (АН УССР), Институт прикладной математики и механики. Вып. 21.— , 1969-1991
Lenguaje:ruso
Publicado: 1989
Materias:
Formato: Libro
KOHA link:https://koha.lib.tpu.ru/cgi-bin/koha/opac-detail.pl?biblionumber=253741

MARC

LEADER 00000nam2a2200000 4500
001 253741
005 20231031214551.0
035 |a (RuTPU)RU\TPU\book\276150 
035 |a RU\TPU\book\244653 
090 |a 253741 
100 |a 20140315d1989 k y0rusy50 ca 
101 0 |a rus 
102 |a UA 
105 |a y z 001zy 
200 0 |a Вып. 21 
210 |d 1989 
215 |a 105 с. 
320 |a Библиогр. в конце статей 
461 1 |0 (RuTPU)RU\TPU\book\208063  |t Механика твердого тела  |o республиканский межведомственный сборник научных трудов  |f Академия наук Украинской ССР (АН УССР), Институт прикладной математики и механики  |v Вып. 21  |d 1969-1991 
606 1 |a Твердые тела  |x Механика  |2 stltpush  |3 (RuTPU)RU\TPU\subj\58649 
610 1 |a твердое тело 
610 1 |a динамика 
610 1 |a точные решения 
610 1 |a стационарные движения 
610 1 |a механические системы 
675 |a 531.3  |v 3 
801 1 |a RU  |b 63413507  |c 20061005  |g PSBO 
801 2 |a RU  |b 63413507  |c 20160527  |g RCR 
942 |c BK